risultato delle partite dell'Italia agli Europei e Mondiali dal 1982 - Statistics

Statistiche generali
  • Questo quiz è stato fatto 277 volte
  • Il punteggio medio è 40 su 85
Statistiche sulle risposte
COMPETIZIONE PARTITA RISULTATO . % Corretto
EUROPEI 2020 ITALIA-INGHILTERRA 1-1 FINALE
73%
EUROPEI 2020 ITALIA-SPAGNA 1-1 SEMIFINALE
70%
EUROPEI 2020 ITALIA-TURCHIA 3-0 GIRONI
69%
EUROPEI 2020 ITALIA-AUSTRIA 2-1 OTTAVI
68%
EUROPEI 2020 ITALIA-BELGIO 2-1 QUARTI
68%
EUROPEI 2020 ITALIA-GALLES 1-0 GIRONI
67%
EUROPEI 2020 ITALIA-SVIZZERA 3-0 GIRONI
67%
MONDIALE 1982 ITALIA-GERMANIA 3-1 FINALE
66%
MONDIALE 1982 ITALIA-POLONIA 0-0 PRIMO GIRONE
65%
MONDIALE 2006 ITALIA-FRANCIA 1-1 FINALE
65%
MONDIALE 1982 ITALIA-PERU 1-1 PRIMO GIRONE
63%
MONDIALE 2006 ITALIA-GERMANIA 2-0 SEMIFINALE
63%
MONDIALE 2006 ITALIA-AUSTRALIA 1-0 OTTAVI
62%
EUROPEI 2016 ITALIA-GERMANIA 1-1 QUARTI
62%
MONDIALE 2006 ITALIA-UCRAINA 3-0 QUARTI
62%
MONDIALE 2006 ITALIA-USA 1-1 GIRONI
61%
MONDIALE 2006 ITALIA-GHANA 2-0 GIRONI
59%
EUROPEI 2016 ITALIA-SPAGNA 2-0 OTTAVI
59%
MONDIALE 1982 ITALIA-ARGENTINA 2-1 SECONDO GIRONE
59%
MONDIALE 1982 ITALIA-BRASILE 3-2 SECONDO GIRONE
59%
MONDIALE 2006 ITALIA-REP.CECA 2-0 GIRONI
58%
MONDIALE 1982 ITALIA-CAMERUN 1-1 PRIMO GIRONE
57%
MONDIALE 1982 ITALIA-POLONIA 2-0 SEMIFINALE
57%
EUROPEI 2016 ITALIA-BELGIO 2-0 GIRONI
57%
MONDIALE 2014 ITALIA-COSTA RICA 0-1 GIRONI
56%
EUROPEI 2012 ITALIA-GERMANIA 2-1 SEMIFINALE
56%
MONDIALE 2014 ITALIA-URUGUAY 0-1 GIRONI
55%
EUROPEI 2016 ITALIA-SVEZIA 1-0 GIRONI
55%
MONDIALE 2014 ITALIA-INGHILTERRA 2-1 GIRONI
54%
MONDIALE 1994 ITALIA-BRASILE 0-0 FINALE
52%
MONDIALE 2002 ITALIA-COREA DEL SUD E BYRON MORENO 1-2 OTTAVI
51%
EUROPEI 2016 ITALIA-IRLANDA 0-1 GIRONI
50%
EUROPEI 2012 ITALIA-SPAGNA 1-1 GIRONI
50%
EUROPEI 2012 ITALIA-SPAGNA 4-0 FINALE
50%
MONDIALE 2010 ITALIA-NUOVA ZELANDA 1-1 GIRONI
49%
MONDIALE 1990 ITALIA-ARGENTINA 1-1 SEMIFINALE
48%
MONDIALE 2010 ITALIA-PARAGUAY 1-1 GIRONI
48%
EUROPEI 2012 ITALIA-INGHILTERRA 0-0 QUARTI
47%
MONDIALE 1986 ITALIA-BULGARIA 1-1 GIRONI
47%
MONDIALE 2010 ITALIA-SLOVACCHIA 2-3 GIRONI
47%
EUROPEI 2000 ITALIA-FRANCIA 1-2 FINALE
45%
MONDIALE 1990 ITALIA-INGHILTERRA 2-1 FINALE TERZO POSTO
44%
MONDIALE 1994 ITALIA-BULGARIA 2-1 SEMIFINALE
44%
EUROPEI 2012 ITALIA-IRLANDA 2-0 GIRONI
43%
MONDIALE 1994 ITALIA-NIGERIA 2-1 OTTAVI
43%
MONDIALE 1994 ITALIA-SPAGNA 2-1 QUARTI
43%
EUROPEI 2000 ITALIA-OLANDA 0-0 SEMIFINALE
42%
EUROPEI 2008 ITALIA-SPAGNA 0-0 QUARTI
42%
MONDIALE 1990 ITALIA-USA 1-0 GIRONI
42%
EUROPEI 2012 ITALIA-CROAZIA 1-1 GIRONI
42%
MONDIALE 1990 ITALIA-URUGUAY 2-0 OTTAVI
42%
MONDIALE 1990 ITALIA-IRLANDA 1-0 QUARTI
41%
MONDIALE 1994 ITALIA-NORVEGIA 1-0 GIRONI
41%
EUROPEI 2004 ITALIA-SVEZIA 1-1 GIRONI
41%
EUROPEI 2004 ITALIA-BULGARIA 2-1 GIRONI
41%
MONDIALE 1990 ITALIA-CECOSLOVACCHIA 2-0 GIRONI
40%
EUROPEI 2008 ITALIA-FRANCIA 2-0 GIRONI
40%
EUROPEI 2004 ITALIA-DANIMARCA 0-0 GIRONI
39%
MONDIALE 1994 ITALIA-IRLANDA 0-1 GIRONI
39%
MONDIALE 1990 ITALIA-AUSTRIA 1-0 GIRONI
39%
MONDIALE 1986 ITALIA-ARGENTINA 1-1 GIRONI
39%
MONDIALE 1994 ITALIA-MESSICO 1-1 GIRONI
39%
EUROPEI 2008 ITALIA-ROMANIA 1-1 GIRONI
39%
MONDIALE 1986 ITALIA-FRANCIA 0-2 OTTAVI
38%
MONDIALE 2002 ITALIA-ECUADOR 2-0 GIRONI
38%
EUROPEI 2008 ITALIA-OLANDA 0-3 GIRONI
37%
EUROPEI 1988 ITALIA-GERMANIA 1-1 GIRONI
37%
MONDIALE 1998 ITALIA-FRANCIA 0-0 QUARTI
36%
MONDIALE 2002 ITALIA-MESSICO 1-1 GIRONI
36%
EUROPEI 1988 ITALIA-SPAGNA 1-0 GIRONI
35%
EUROPEI 1988 ITALIA-DANIMARCA 2-0 GIRONI
34%
EUROPEI 2000 ITALIA-ROMANIA 2-0 QUARTI
34%
EUROPEI 2000 ITALIA-TURCHIA 2-1 GIRONI
34%
MONDIALE 1986 ITALIA-COREA DEL SUD 3-2 GIRONI
34%
MONDIALE 1998 ITALIA-NORVEGIA 1-0 OTTAVI
33%
MONDIALE 2002 ITALIA-CROAZIA 1-2 GIRONI
33%
EUROPEI 2000 ITALIA-BELGIO 2-0 GIRONI
33%
EUROPEI 1988 ITALIA-UNIONE SOVIETICA 0-2 SEMIFINALE
32%
EUROPEI 1996 ITALIA-RUSSIA 2-1 GIRONI
32%
MONDIALE 1998 ITALIA-CILE 2-2 GIRONI
32%
EUROPEI 2000 ITALIA-SVEZIA 2-1 GIRONI
31%
MONDIALE 1998 ITALIA-CAMERUN 3-0 GIRONI
31%
EUROPEI 1996 ITALIA-REP. CECA 1-2 GIRONI
30%
MONDIALE 1998 ITALIA-AUSTRIA 2-1 GIRONI
30%
EUROPEI 1996 ITALIA-GERMANIA 0-0 GIRONI
29%
Nessun quiz corrispondente trovato
Distribuzione punteggi
Percentuale di utenti per punteggio
Percentile per numero di risposta
I tuoi punteggi nel tempo
Non hai fatto questo quiz